01236nam a22002537a 4500003000500000005001700005008004100022020002200063040001400085041001300099082003200112100002900144245002300173300003700196336002700233337003300260338002900293505053200322650002600854650004300880650002800923942001400951999001700965BPGM20260624204711.0260624b2008 mx ||||| |||| 001 0 spa d a978-968-9350-17-0 aBPGMbspa aspahspa04aCQ / 863M /bG3788 / C84 /  aGARCIA, SERVIN, ALFREDO  aCUENTOS VAGABUNDO  a60 páginasc22.3 cm x 10.3 cm  2rdacontentatextobtxt 2rdamediaasin mediaciónbn 2rdacarrieravolumen bnc aCUENTOS VAGABUNDOS (PUBLICADO ORIGINALMENTE EN 2007) ES UNA ANTOLOGÍA DE RELATOS DEL ESCRITOR, DOCENTE Y NARRADOR MEXICANO ALFREDO GARCÍA SERVÍN (NACIDO EN ACÁMBARO, GUANAJUATO, PERO PROFUNDAMENTE ARRAIGADO EN LA ESCENA CULTURAL DE QUERÉTARO).HACIENDO HONOR A SU TÍTULO, LA OBRA RECOPILA HISTORIAS DONDE LA TRANSITORIEDAD, EL VIAJE Y EL CONSTANTE MOVIMIENTO SON EL EJE CENTRAL. LOS PERSONAJES DE ESTE LIBRO NO ESTÁN FIJOS; TRANSITAN POR LA VIDA, POR LOS ESPACIOS GEOGRÁFICOS Y POR SUS PROPIOS MUNDOS INTERIORES. aLITERATURA Y RETORICA aLITERATURAS ESPAÑOLAS Y PORTUGUESAS  aNOVELISTICA ESPAÑOLA  2ddccCOLQ c68663d68663